Children with exceptionalities in Canadian classrooms / (Record no. 1166)
[ view plain ]
| 000 -LEADER | |
|---|---|
| fixed length control field | 00887cam a2200277 a 4500 |
| 003 - CONTROL NUMBER IDENTIFIER | |
| control field | CaOONL |
| 005 - DATE AND TIME OF LATEST TRANSACTION | |
| control field | 20210624075600.0 |
| 008 - FIXED-LENGTH DATA ELEMENTS--GENERAL INFORMATION | |
| fixed length control field | 980216s1999 onca b 001 | eng d |
| 020 ## - INTERNATIONAL STANDARD BOOK NUMBER | |
| International Standard Book Number | 013792870X |
| 040 ## - CATALOGING SOURCE | |
| Transcribing agency | CaOTU |
| 050 ## - LIBRARY OF CONGRESS CALL NUMBER | |
| Classification number | LC3984 |
| Item number | . W56 1999 |
| 055 01 - CLASSIFICATION NUMBERS ASSIGNED IN CANADA | |
| Classification number | LC3984 |
| 055 00 - CLASSIFICATION NUMBERS ASSIGNED IN CANADA | |
| Classification number | LC3984 W56 1999 fol. |
| 090 ## - LOCALLY ASSIGNED LC-TYPE CALL NUMBER (OCLC); LOCAL CALL NUMBER (RLIN) | |
| Classification number (OCLC) (R) ; Classification number, CALL (RLIN) (NR) | LC3984 |
| Local cutter number (OCLC) ; Book number/undivided call number, CALL (RLIN) | .W56 1999 |
| 100 1# - MAIN ENTRY--PERSONAL NAME | |
| Personal name | Winzer, M. A. |
| Dates associated with a name | 1940- |
| 245 10 - TITLE STATEMENT | |
| Title | Children with exceptionalities in Canadian classrooms / |
| Statement of responsibility, etc. | Margret Winzer. |
| 250 ## - EDITION STATEMENT | |
| Edition statement | 5th ed. |
| 260 ## - PUBLICATION, DISTRIBUTION, ETC. | |
| Place of publication, distribution, etc. | Scarborough, Ont. : |
| Name of publisher, distributor, etc. | Prentice Hall Allyn & Bacon Canada, |
| Date of publication, distribution, etc. | c1999. |
| 300 ## - PHYSICAL DESCRIPTION | |
| Extent | xi, 659 p. : |
| Other physical details | ill. ; |
| Dimensions | 26 cm. |
| 504 ## - BIBLIOGRAPHY, ETC. NOTE | |
| Bibliography, etc. note | Includes bibliographical references (p. [590]-639) and indexes. |
| 650 #0 - SUBJECT ADDED ENTRY--TOPICAL TERM | |
| Topical term or geographic name entry element | Special education |
| Geographic subdivision | Canada. |
| 650 #6 - SUBJECT ADDED ENTRY--TOPICAL TERM | |
| Topical term or geographic name entry element | Éducation spéciale |
| Geographic subdivision | Canada. |
| 942 ## - ADDED ENTRY ELEMENTS (KOHA) | |
| Source of classification or shelving scheme | |
| Koha item type | Book |
| Suppress in OPAC | SO |
| Withdrawn status | Lost status | Source of classification or shelving scheme | Damaged status | Not for loan | Permanent Location | Current Location | Shelving location | Date acquired | Total Checkouts | Full call number | Barcode | Date last seen | Date last checked out | Price effective from | Koha item type | Public note |
|---|---|---|---|---|---|---|---|---|---|---|---|---|---|---|---|---|
| AU LIBRARY | AU LIBRARY | Open Shelf | 24.06.2021 | 1 | LC3984 . W56 1999 | 28002862 | 05.11.2021 | 25.10.2021 | 24.06.2021 | Book | SO |